Visualizzazione normale
Vista MARC
- Friedrich W. Nietzsche
di Personal Name
Records bibliografici associati: 1
001 - CONTROL NUMBER
- control field: 13970
003 - CONTROL NUMBER IDENTIFIER
- control field: IT-RoPau
005 - DATE AND TIME OF LATEST TRANSACTION
- control field: 20140218163521.0
008 - FIXED-LENGTH DATA ELEMENTS
- fixed length control field: 140218|| aca||aabn | a|a d
040 ## - CATALOGING SOURCE
- Original cataloging agency: IT-RoPau
- Transcribing agency: IT-RoPau
100 ## - HEADING--PERSONAL NAME
- Personal name: Friedrich W. Nietzsche
670 ## - SOURCE DATA FOUND
- Source citation: Work cat.: (IT-RoPau)1312: Friedrich W. Nietzsche, La gaia scienza, 1921